Kelly Rowland - When love takes over lyrics - Statistics

General Stats
  • This quiz has been taken 36 times
  • The average score is 163 of 210
Answer Stats
Hint Answer % Correct
1 I
100%
1 i
100%
1 a
96%
1 It
96%
1 it
96%
1 love
96%
1 over
96%
1 takes
96%
1 the
96%
1 is
92%
1 when
92%
1 you
92%
1 can
88%
1 can't
88%
1 cant
88%
1 to
88%
1 It's
85%
1 know
85%
1 yeah
85%
1 just
81%
1 me
81%
1 way
81%
1 deny
77%
1 tonight
77%
1 always
73%
1 could
73%
1 goes
73%
1 and
69%
1 complicated
69%
1 if
69%
1 That's
69%
1 all
65%
1 feel
65%
1 for
65%
1 here
65%
1 something
65%
1 be
62%
1 stop
62%
1 this
62%
1 breath
58%
1 coming
58%
1 like
58%
1 my
58%
1 shows
58%
1 time
58%
1 do
54%
1 felt
50%
1 Now
50%
1 now
50%
1 wonder
50%
1 wouldn't
50%
1 cause
46%
1 head
46%
1 underwater
46%
1 we
46%
1 Feels
42%
1 feels
42%
1 gotta
42%
1 hand
42%
1 lose
42%
1 loving
42%
1 on
42%
1 too
42%
1 blame
38%
1 fall
38%
1 give
38%
1 hold
38%
1 right
38%
1 see
38%
1 I'll
35%
1 reason
35%
1 make
31%
1 looking
27%
1 waiting
27%
1 wanna
27%
1 with
27%
1 overload
23%
1 out
19%
1 ever
15%
1 i can't
15%
1 so good
12%
No matching quizzes found
Score Distribution
Percent of People with Each Score
Percentile by Number Answered
Your Score History
You have not taken this quiz